00729cam a2200205 a 45000010005000000030009000050050017000140080041000310200016000720200018000880400038001060820018001442450140001622600061003023000032003635040051003956500026004466500029004727000022005013445BD-DhUAP20200301120330.0200301s1998 bg abf b f000 0 eng  a1568981538  a9781568981536 aBD-DhUAPcBD-DhUAPdBD-DhUAPbEng a724.6 OPP223 aOppositions reader : bselected readings from a Journal for Ideas and Criticism in Architecture 1973-1984 /cedited by K. Michael Hays. aPrinceton, N.J. : bPrinceton Architectural P.,cc1999. a701 pages :bill. ;c24 cm. aIncludes bibliographical references and index. aArchitecture, Modern  aArchitecture, Postmodern aHays, K. Michael